10 największych miast według regionu Brazylii na mapie - Statystyki

Ogólne statystyki
  • Ten quiz został rozwiązany 9 razy
  • Średni wynik to 4 z 50
Odpowiedzi na mapie
Odpowiedzi zakodowano w zielono-czerwonej skali na mapie do tego quizu, zgodnie z poniższymi procentami.
 
Statystyki odpowiedzi
Region Populacja Miasto % Poprawnych
Środkowo-zachodni 3 055 149 Brasília
78%
Południowo-wschodni 6 747 815 Rio de Janeiro
67%
Południowo-wschodni 12 325 232 São Paulo
67%
Południowo-wschodni 2 521 564 Belo Horizonte
33%
Północny 2 219 580 Manaus
33%
Południowy 508 826 Florianópolis
22%
Północno-wschodni 2 686 612 Fortaleza
22%
Południowy 1 948 626 Kurytyba
22%
Północno-wschodni 1 653 461 Recife
22%
Północny 1 499 641 Belém
11%
Południowo-wschodni 1 213 792 Campinas
11%
Środkowo-zachodni 1 536 097 Goiânia
11%
Południowo-wschodni 823 302 Nova Iguaçu
11%
Południowy 1 488 252 Porto Alegre
11%
Północno-wschodni 2 886 698 Salvador
11%
Północno-wschodni 1 108 975 São Luís
11%
Północny 535 547 Ananindeua
0%
Środkowo-zachodni 391 772 Anápolis
0%
Środkowo-zachodni 590 146 Aparecida de Goiânia
0%
Północno-wschodni 664 908 Aracaju
0%
Południowy 361 855 Blumenau
0%
Północny 419 652 Boa Vista
0%
Środkowo-zachodni 906 092 Campo Grande
0%
Południowy 348 208 Canoas
0%
Południowy 517 451 Caxias do Sul
0%
Środkowo-zachodni 618 124 Cuiabá
0%
Środkowo-zachodni 225 495 Dourados
0%
Południowo-wschodni 924 624 Duque de Caxias
0%
Południowo-wschodni 1 392 121 Guarulhos
0%
Północno-wschodni 706 867 Jaboatão dos Guararapes
0%
Północno-wschodni 817 511 João Pessoa
0%
Południowy 597 658 Joinville
0%
Południowy 575 377 Londrina
0%
Północny 512 902 Macapá
0%
Północno-wschodni 1 025 360 Maceió
0%
Północny 283 542 Marabá
0%
Południowy 430 157 Maringá
0%
Północno-wschodni 890.480 Natal
0%
Północny 306 296 Palmas
0%
Południowy 355 336 Ponta Grossa
0%
Północny 539 354 Porto Velho
0%
Północny 413 418 Rio Branco
0%
Środkowo-zachodni 241 518 Rio Verde
0%
Środkowo-zachodni 236 042 Rondonópolis
0%
Północny 306 480 Santarém
0%
Południowo-wschodni 844 483 São Bernardo do Campo
0%
Południowo-wschodni 1 091 737 São Gonçalo
0%
Południowo-wschodni 729 737 São José dos Campos
0%
Północno-wschodni 868 075 Teresina
0%
Środkowo-zachodni 287 526 Várzea Grande
0%
Nie znaleziono quizów pasujących do podanych kryteriów
Rozkład punktacji
Procent ludzi z każdym wynikiem
Percentyl według liczby udzielonych odpowiedzi
Twoja historia wyników
Nie rozwiązałeś tego quizu